| 000 | 00000nam##2200000za#4500 |
| 001 | 9.687901 |
| 003 | CaOODSP |
| 005 | 20210624231202 |
| 007 | cr ||||||||||| |
| 008 | 150407|2006||||xxc|||||o f|0| 0 eng|d |
| 020 | |a0-662-42094-2 |
| 040 | |aCaOODSP|beng |
| 043 | |an-cn--- |
| 086 | 1 |aCH24-12/2005E-PDF |
| 110 | 1 |aCanada.|bCanadian Heritage. |bSport Canada. |
| 245 | 10|aLinguistic barriers to access to high performance sport - study, 2005 / |h[electronic resource]|c[by] Mira Svoboda [and] Peter Donnelly. |
| 260 | |aOttawa - Ontario : |bCanadian Heritage. |c2006. |
| 300 | |a58p.|btables |
| 504 | |aBibliography. |
| 520 | 3 |aThis report presents the results of a study that examined the barriers to high-performance sport for Francophone athletes in Canada. It discusses linguistic barriers to participation in comparison with financial and geographic barriers. The report also looks at coaching and provides an overview of the institutional infrastructure to assess the progress in bilingualism in sports. The 14 recommendations are directed at Sport Canada and cover both the short and long term. |
| 590 | |a06-39|b2006-09-29 |
| 690 | 07|aLanguage policy|2gcpds |
| 690 | 07|aSports|2gcpds |
| 710 | 2 |aTNS Canadian Facts. |
| 720 | 1 |aSvoboda, Mira |
| 720 | 1 |aDonnelly, Peter |
| 775 | 08|tLes obstacles linguistiques à l'accès au sport de haut niveau - étude, 2005 / |w(CaOODSP)9.632341 |
| 776 | 0#|tLinguistic barriers to access to high performance sport - study, 2005 / |w(CaOODSP)9.667971 |
| 776 | 0#|tLes obstacles linguistiques à l'accès au sport de haut niveau - étude, 2005 / |w(CaOODSP)9.667972 |
| 856 | 40|ahttp://publications.gc.ca|qPDF|s563 KB|uhttps://publications.gc.ca/collections/Collection/CH24-12-2005E.pdf |